The Defector (Record no. 9745)

MARC details
000 -LEADER
fixed length control field 00305nam a22001217a 4500
008 - FIXED-LENGTH DATA ELEMENTS--GENERAL INFORMATION
fixed length control field 231129b |||||||| |||| 00| 0 eng d
020 ## - INTERNATIONAL STANDARD BOOK NUMBER
International Standard Book Number FIC 780 SIL
100 ## - MAIN ENTRY--PERSONAL NAME
Personal name Silva, Daniel.
245 ## - TITLE STATEMENT
Title The Defector
260 ## - PUBLICATION, DISTRIBUTION, ETC.
Place of publication, distribution, etc. New York :
Name of publisher, distributor, etc. G.P Putnam's Sons,
Date of publication, distribution, etc. 2009
300 ## - PHYSICAL DESCRIPTION
Extent 517 p:
Other physical details ill,
Dimensions 19 cm.
942 ## - Added entry Elements (Koha)
Source of classification or shelving scheme Dewey Decimal Classification
Holdings
Withdrawn status Lost status Source of classification or shelving scheme Damaged status Not for loan Collection code Home library Current library Shelving location Date acquired Serial Enumeration / chronology Total Checkouts Full call number Barcode Date last seen Date last checked out Price effective from Koha item type
    Dewey Decimal Classification     Fiction RTC Library RTC Library Fiction 29/11/2023 177981 1 FIC 813.54 SIL 30018892 27/03/2026 17/03/2026 29/11/2023 Fiction
Royal Thimphu College || All Right Reserved